Desperate deserts / (Record no. 5635)
[ view plain ]
| 000 -LEADER | |
|---|---|
| fixed length control field | 01464nam a22002537a 4500 |
| 001 - CONTROL NUMBER | |
| control field | 5635 |
| 003 - CONTROL NUMBER IDENTIFIER | |
| control field | FISKH |
| 005 - DATE AND TIME OF LATEST TRANSACTION | |
| control field | 20251125155726.0 |
| 008 - FIXED-LENGTH DATA ELEMENTS--GENERAL INFORMATION | |
| fixed length control field | 250108b cb ||||| |||| 00| 0 eng d |
| 020 ## - INTERNATIONAL STANDARD BOOK NUMBER | |
| International Standard Book Number | 9780439944557 |
| 040 ## - CATALOGING SOURCE | |
| Original cataloging agency | FISKH |
| Language of cataloging | eng |
| Transcribing agency | FISKH |
| Modifying agency | FISKH |
| 050 ## - LIBRARY OF CONGRESS CALL NUMBER | |
| Classification number | GB612.G37 |
| 082 ## - DEWEY DECIMAL CLASSIFICATION NUMBER | |
| Classification number | 551.415 |
| 100 ## - MAIN ENTRY--PERSONAL NAME | |
| Personal name | Ganeri, Anita |
| 245 ## - TITLE STATEMENT | |
| Title | Desperate deserts / |
| Statement of responsibility, etc. | by Anita Ganeri : Illustrated by Mike Phillips |
| 260 ## - PUBLICATION, DISTRIBUTION, ETC. | |
| Place of publication, distribution, etc. | New York : |
| Name of publisher, distributor, etc. | Scholastic ; |
| Date of publication, distribution, etc. | 2000. |
| 300 ## - PHYSICAL DESCRIPTION | |
| Extent | 159 pages : |
| Other physical details | illustrations ; |
| Dimensions | 21 cm . |
| 490 ## - SERIES STATEMENT | |
| Series statement | Horrible Geography |
| 520 ## - SUMMARY, ETC. | |
| Summary, etc. | Geography with the gritty bits left in Does geography grind you down? fed up with miserable maps, rotten rock piles and despicable data? Wave goodbye to boring geography lessons as you step onto the scorching sands of Desperate Deserts... Shudder as you're forced to drink camel pee to stay alive. Gasp as a single sand dune on the move buries whole villages. Scream when you come face to face with a deadly rattlesnake. Marvel at the brave desert explorer who trekked to Timbuktu. And if that's not desperate enough for you...find out about the desert where it snows, how to make a tasty pudding from camel milk and why cactus juice could be a deadly drink. Have you got what it takes to survive? It's earth-shatteringly exciting Geography has never been so horrible |
| 650 ## - SUBJECT ADDED ENTRY--TOPICAL TERM | |
| Topical term or geographic name entry element | deserts |
| Form subdivision | non-fiction |
| 700 ## - ADDED ENTRY--PERSONAL NAME | |
| Personal name | Phillips, Mike |
| Relator term | illustrator |
| 942 ## - ADDED ENTRY ELEMENTS (KOHA) | |
| Source of classification or shelving scheme | Dewey Decimal Classification |
| Koha item type | Books |
| Suppress in OPAC | No |
| Withdrawn status | Lost status | Source of classification or shelving scheme | Damaged status | Not for loan | Collection | Home library | Current library | Shelving location | Date acquired | Total Checkouts | Full call number | Barcode | Date last seen | Copy number | Price effective from | Koha item type |
|---|---|---|---|---|---|---|---|---|---|---|---|---|---|---|---|---|
| Dewey Decimal Classification | Non-Fiction | Footprints International School Library Network Toul Tom Poung Campus | Footprints International School Library Network Toul Tom Poung Campus | TTP Secondary Non-Fiction Bookshelves | 01/08/2025 | GAN 551.415 GB612.G37 | FISO5356 | 01/08/2025 | 1 | 01/08/2025 | Books | |||||
| Dewey Decimal Classification | Non-Fiction | Footprints International School Library Network Toul Tom Poung Campus | Footprints International School Library Network Toul Tom Poung Campus | TTP Secondary Non-Fiction Bookshelves | 01/08/2025 | GAN 551.415 GB612.G37 | FIS01166 | 01/08/2025 | 2 | 01/08/2025 | Books | |||||
| Dewey Decimal Classification | Non-Fiction | Footprints International School Library Network Toul Tom Poung Campus | Footprints International School Library Network Toul Tom Poung Campus | TTP Secondary Non-Fiction Bookshelves | 11/25/2025 | GAN 551.415 GB612.G37 | FISSE00014 | 11/25/2025 | 3 | 11/25/2025 | Books |
